[Event "SR 4. liga A21 2016/2017"]
[Site "?"]
[Date "2016.11.06"]
[Round "3.3"]
[White "Madzo, Anton"]
[Black "Fajnor, Dusan"]
[Result "1/2-1/2"]
[WhiteElo "1508"]
[BlackElo "1310"]
[PlyCount "94"]
[EventDate "2016.??.??"]

1. d4 d5 2. Nc3 e6 3. e3 Nf6 4. Bd3 Nc6 5. a3 Be7 6. Nge2 a6 7. O-O O-O 8. Ng3
b6 9. Nce2 Bb7 10. f4 Bd6 11. c3 Ne7 12. Qc2 c5 13. b3 Rc8 14. Qd1 c4 15. Bc2
b5 16. b4 a5 17. Nh1 axb4 18. axb4 Qb6 19. Neg3 Ra8 20. Rxa8 Rxa8 21. Nh5 Nxh5
22. Qxh5 f5 23. Ng3 Qd8 24. Bd2 Qe8 25. Qxe8+ Rxe8 26. Ra1 Ra8 27. Rxa8+ Bxa8
28. Be1 Kf7 29. Nf1 Bc6 30. Bd1 h6 31. h4 Kf6 32. g3 g5 33. hxg5+ hxg5 34. Kg2
gxf4 35. gxf4 Ng6 36. Bh5 Kg7 37. Bxg6 Kxg6 38. Bh4 Be8 39. Nd2 Kh5 40. Kg3 Bf8
41. Nf3 Bd7 42. Ne5 Be8 43. Nf3 Bd6 44. Bd8 Bd7 45. Ng5 Kg6 46. Kh4 Bf8 47. Nf3
Bg7 1/2-1/2

[Event "SR 4. liga A21 2016/2017"]
[Site "?"]
[Date "2016.11.06"]
[Round "3.4"]
[White "Sadlon, Juraj"]
[Black "Blatnicky, Miroslav"]
[Result "1-0"]
[WhiteElo "1856"]
[BlackElo "2110"]
[PlyCount "61"]
[EventDate "2016.??.??"]

1. e4 c6 2. d4 d5 3. Nc3 dxe4 4. Nxe4 Nf6 5. Nxf6+ gxf6 6. Bc4 h5 7. c3 Nd7 8.
Qb3 e6 9. Nf3 Nb6 10. Bf4 h4 11. O-O-O Bd6 12. Bxd6 Qxd6 13. g3 Nxc4 14. Qxc4
h3 15. Rhe1 Rh5 16. Nh4 Bd7 17. Qf1 Rxh4 18. gxh4 Qxh2 19. Re3 e5 20. dxe5 fxe5
21. f4 O-O-O 22. fxe5 Be6 23. Rxd8+ Kxd8 24. h5 Ke7 25. h6 Kf8 26. Qf6 Qg1+ 27.
Kc2 Kg8 28. h7+ Kxh7 29. Qh4+ Kg6 30. Rg3+ Qxg3 31. Qxg3+ 1-0

[Event "SR 4. liga A21 2016/2017"]
[Site "?"]
[Date "2016.11.06"]
[Round "3.4"]
[White "Podjavorinsky, Michal"]
[Black "Skapikova, Lubica"]
[Result "0-1"]
[WhiteElo "1881"]
[BlackElo "1896"]
[PlyCount "80"]
[EventDate "2016.??.??"]

1. e4 e5 2. Nf3 Nc6 3. d4 exd4 4. Nxd4 Nf6 5. Nxc6 bxc6 6. Bd3 Bc5 7. O-O h6 8.
Nc3 d6 9. Na4 Bb6 10. Nxb6 axb6 11. b3 O-O 12. Bb2 Ng4 13. h3 Ne5 14. f4 Ng6
15. Qh5 Ra5 16. f5 Ne5 17. Qe2 Qg5 18. Bc3 Ra8 19. a4 Kh7 20. Rf2 c5 21. Raf1
Qf6 22. Rf4 Nf3+ 23. Qxf3 Qxc3 24. f6 g6 25. Rh4 Qe5 26. Qe3 g5 27. Rh5 Rg8 28.
Be2 Rg6 29. Bd3 Be6 30. c4 Bd7 31. Kh1 Re8 32. Qd2 Kg8 33. Qf2 Re6 34. Qe2
Rexf6 35. Rxf6 Rxf6 36. h4 Qg3 37. Qd1 Bg4 38. Be2 Rf2 39. Qg1 Bxh5 40. Bxh5
Qxh4+ 0-1

[Event "SR 4. liga A21 2016/2017"]
[Site "?"]
[Date "2016.11.06"]
[Round "3.4"]
[White "Pericka, Pavol"]
[Black "Miciak, Emanuel"]
[Result "0-1"]
[WhiteElo "1822"]
[BlackElo "1849"]
[PlyCount "68"]
[EventDate "2016.??.??"]

1. e4 c5 2. Bc4 Nc6 3. Nf3 d6 4. h3 Nf6 5. d3 e6 6. O-O Be7 7. c3 O-O 8. Be3
Bd7 9. Nbd2 Na5 10. e5 Nd5 11. exd6 Bxd6 12. Bg5 f6 13. Bh4 Qc7 14. Ne4 Bf4 15.
Bg3 Bxg3 16. Nxg3 Nxc4 17. dxc4 Nf4 18. Ne2 Bc6 19. Nxf4 Qxf4 20. Qe2 e5 21.
Nd2 Rfd8 22. Rad1 b6 23. f3 Rd7 24. Ne4 Rad8 25. Rxd7 Rxd7 26. Rd1 Rxd1+ 27.
Qxd1 Bxe4 28. fxe4 Qxe4 29. Qd5+ Qxd5 30. cxd5 c4 31. b3 b5 32. Kf2 Kf7 33. g4
g6 34. Ke3 f5 0-1

[Event "SR 4. liga A21 2016/2017"]
[Site "?"]
[Date "2016.11.06"]
[Round "3.4"]
[White "Smrek, Peter"]
[Black "Sadlon, Matus"]
[Result "1-0"]
[WhiteElo "1797"]
[BlackElo "1695"]
[PlyCount "97"]
[EventDate "2016.??.??"]

1. c4 c5 2. Nc3 e6 3. e4 Nc6 4. d3 Nge7 5. Be3 b6 6. g3 d5 7. cxd5 exd5 8. exd5
Nxd5 9. Bg2 Be6 10. Nge2 Rc8 11. Qa4 Qd7 12. Rd1 Be7 13. O-O O-O 14. d4 c4 15.
Nf4 Nxe3 16. fxe3 Bg4 17. Rd2 Ne5 18. Qc2 Ng6 19. Be4 Nxf4 20. Bxh7+ Kh8 21.
Rxf4 Bg5 22. Ne4 Bxf4 23. gxf4 Bf5 24. Bxf5 Qxf5 25. Nd6 Qxc2 26. Rxc2 Rc6 27.
Nf5 Re8 28. Kf2 Rf6 29. Ng3 Rh6 30. Kf3 Rhe6 31. e4 b5 32. e5 g6 33. Ne4 Kg7
34. d5 Ra6 35. a3 Rd8 36. Nc5 Rb6 37. Ke4 Rc8 38. Kd4 Rh8 39. d6 Rh3 40. Rd2
Rc6 41. d7 Rh8 42. Nb7 Rc7 43. d8=Q Rxd8+ 44. Nxd8 Kf8 45. e6 Ke7 46. exf7 Rd7+
47. Kc3 Rxd2 48. Kxd2 a5 49. h4 1-0

[Event "SR 4. liga A21 2016/2017"]
[Site "?"]
[Date "2016.11.06"]
[Round "3.4"]
[White "Mysicka, Miroslav"]
[Black "Podjavorinsky, Peter"]
[Result "1/2-1/2"]
[WhiteElo "1670"]
[BlackElo "1675"]
[PlyCount "80"]
[EventDate "2016.??.??"]

1. e4 e5 2. Nf3 Nf6 3. Nc3 Nc6 4. Bc4 Bc5 5. O-O O-O 6. d3 h6 7. a3 d6 8. b4
Bb6 9. h3 Be6 10. Nd5 a6 11. Nxb6 cxb6 12. Bxe6 fxe6 13. Bb2 b5 14. Re1 Rc8 15.
c4 Qb6 16. Qb3 Nd4 17. Bxd4 exd4 18. Rac1 bxc4 19. Rxc4 Rxc4 20. Qxc4 d5 21.
exd5 exd5 22. Qc2 a5 23. Qc5 Qxc5 24. bxc5 Nd7 25. Rc1 Rc8 26. c6 Rxc6 27. Rxc6
bxc6 28. Nxd4 c5 29. Nb3 a4 30. Nc1 Ne5 31. Kf1 g5 32. Ke2 Kf7 33. Ke3 Nc6 34.
Ne2 Kf6 35. d4 cxd4+ 36. Nxd4 Ne5 37. Nb5 Ke6 38. Kd4 Nc4 39. Kc3 Ke5 40. Kd3
Nb2+ 1/2-1/2

[Event "SR 4. liga A21 2016/2017"]
[Site "?"]
[Date "2016.11.06"]
[Round "3.5"]
[White "Danada, Ondrej"]
[Black "Slaby, Jozef"]
[Result "1/2-1/2"]
[WhiteElo "1889"]
[BlackElo "1749"]
[PlyCount "134"]
[EventDate "2016.??.??"]

1. e4 c5 2. Nf3 d6 3. d4 cxd4 4. Nxd4 Nf6 5. Nc3 a6 6. Bg5 Nc6 7. Bxf6 gxf6 8.
Bc4 Ne5 9. Bb3 h5 10. f4 Nc6 11. Qd2 Bh6 12. g3 Qb6 13. Nde2 Be6 14. Nd5 Qd8
15. O-O-O Kf8 16. Kb1 Na5 17. Qd3 Rc8 18. f5 Bd7 19. Qf3 Nxb3 20. cxb3 Bg7 21.
Ndf4 e6 22. Rxd6 Qc7 23. Rhd1 Qc2+ 24. Ka1 Bc6 25. R6d2 Qxe4 26. Qxe4 Bxe4 27.
fxe6 fxe6 28. Nxe6+ Kg8 29. Rd7 Bh6 30. Nc3 Bc6 31. Re7 Rh7 32. Rxh7 Kxh7 33.
Rf1 Kg6 34. Nf4+ Kf7 35. Nxh5 Kg6 36. Nf4+ Kf7 37. a4 Rd8 38. Rf2 Bf8 39. Kb1
Rd4 40. Kc2 Bc5 41. Rd2 Rxd2+ 42. Kxd2 Bg1 43. h3 f5 44. Nce2 Bc5 45. Kc3 Be7
46. Kc4 b5+ 47. axb5 axb5+ 48. Kd4 Bd6 49. Nd5 Kg6 50. Nef4+ Kg5 51. Ne6+ Kg6
52. Ndf4+ Kf6 53. h4 Bf3 54. h5 Bxh5 55. Nxh5+ Kxe6 56. Nf4+ Kf6 57. Kd5 Be7
58. Kc6 Kg5 59. Nd5 Bf8 60. Kxb5 Bg7 61. Kc6 Bxb2 62. b4 Bd4 63. b5 Kg4 64. Ne7
Be5 65. b6 Bxg3 66. b7 Bb8 67. Nd5 f4 1/2-1/2

[Event "SR 4. liga A21 2016/2017"]
[Site "?"]
[Date "2016.11.06"]
[Round "3.5"]
[White "Slaba, Andrea"]
[Black "Diviak, Rudolf"]
[Result "1/2-1/2"]
[WhiteElo "1755"]
[BlackElo "1802"]
[PlyCount "126"]
[EventDate "2016.??.??"]

1. d4 Nf6 2. Nf3 d6 3. g3 g6 4. Bg2 Bg7 5. O-O O-O 6. c4 Nbd7 7. Nc3 Rb8 8. e4
e5 9. dxe5 dxe5 10. h3 c6 11. Be3 b6 12. Qe2 Qe7 13. Rfd1 Rd8 14. Rd2 Bb7 15.
Rad1 Ne8 16. a3 Nc7 17. Ne1 Ne6 18. Nc2 Ndc5 19. Rxd8+ Rxd8 20. Rxd8+ Qxd8 21.
Bxc5 Nxc5 22. Nd1 Qd3 23. Qxd3 Nxd3 24. b4 Nc1 25. Kf1 Nb3 26. Ke2 c5 27. b5
Nd4+ 28. Kd3 Nxc2 29. Kxc2 f5 30. Kd3 Bh6 31. Nc3 Bg5 32. h4 Bd8 33. Bh3 Bc8
34. Bg2 Bb7 35. Ke3 Kf7 36. Bf3 f4+ 37. gxf4 exf4+ 38. Kxf4 Bxh4 39. Nd1 h5 40.
Bg2 Bf6 41. Ke3 Bd4+ 42. Ke2 g5 43. Ne3 Bxe3 44. Kxe3 Ke6 45. f3 Ke5 46. Bh3 a6
47. a4 a5 48. Bf5 g4 49. fxg4 hxg4 50. Bxg4 Bxe4 51. Bd1 Bf5 52. Bb3 Bb1 53.
Bd1 Ba2 54. Kd3 Bb1+ 55. Ke3 Kf5 56. Bb3 Kg4 57. Bd1+ Kg5 58. Bb3 Kf5 59. Bd1
Ba2 60. Bc2+ Ke5 61. Kd3 Kf4 62. Kc3 Ke3 63. Bh7 Ke2 1/2-1/2

[Event "SR 4. liga A21 2016/2017"]
[Site "?"]
[Date "2016.11.06"]
[Round "3.5"]
[White "Trojkova, Michaela"]
[Black "Pripko, Bystrik"]
[Result "1-0"]
[WhiteElo "1691"]
[BlackElo "1660"]
[PlyCount "105"]
[EventDate "2016.??.??"]

1. e4 e5 2. Nf3 Nc6 3. Bc4 Bc5 4. d3 h6 5. Nc3 Nf6 6. Be3 Bb6 7. Qd2 d6 8. h3
O-O 9. g4 Nd4 10. Bxd4 exd4 11. Nd5 Nxd5 12. Bxd5 c6 13. Bb3 Be6 14. O-O-O Bxb3
15. cxb3 c5 16. Kb1 a5 17. h4 a4 18. bxa4 Rxa4 19. h5 Qa8 20. a3 f6 21. Nh4 Qa5
22. Qxa5 Rxa5 23. Nf5 Bc7 24. f4 b5 25. Rdg1 d5 26. Ne7+ Kh7 27. Nxd5 Bd8 28.
Rc1 b4 29. axb4 cxb4 30. Nxb4 Rb5 31. Nc6 Bb6 32. Rc4 Ra8 33. Nxd4 Bxd4 34.
Rxd4 Ra3 35. Kc2 Ra2 36. Rb1 Rb7 37. Rc4 Kg8 38. Rc3 Ra6 39. Ra3 Rc6+ 40. Kd2
Rbc7 41. Rc3 Kf7 42. Rxc6 Rxc6 43. b4 Rb6 44. d4 g6 45. b5 g5 46. fxg5 fxg5 47.
d5 Ke7 48. Kd3 Kd6 49. Kd4 Rb8 50. e5+ Ke7 51. b6 Kd7 52. b7 Ke7 53. Rb6 1-0

[Event "SR 4. liga A21 2016/2017"]
[Site "?"]
[Date "2016.11.06"]
[Round "3.5"]
[White "Piestansky, Jan"]
[Black "Ulehla, Jakub"]
[Result "0-1"]
[WhiteElo "1652"]
[BlackElo "1588"]
[PlyCount "101"]
[EventDate "2016.??.??"]

1. e4 c5 2. Bc4 Nc6 3. Nf3 g6 4. c3 Bg7 5. Bb3 d6 6. h3 e6 7. d3 Nge7 8. Be3
O-O 9. O-O Bd7 10. Nbd2 Rc8 11. Rc1 b5 12. a3 a5 13. Re1 b4 14. axb4 axb4 15.
Nc4 Qc7 16. Bf4 e5 17. Bd2 bxc3 18. Bxc3 Kh8 19. Ra1 f5 20. exf5 Nxf5 21. Ne3
Nfd4 22. Bxd4 cxd4 23. Nf1 Qb6 24. Ng5 Nd8 25. Ne4 Ne6 26. Nfd2 Qc6 27. Ba4 Qc7
28. b3 d5 29. Ng3 Nf4 30. Ndf1 Qd6 31. Qd2 Bh6 32. Qd1 Rc3 33. Bxd7 Qxd7 34.
Rxe5 Nxd3 35. Re2 Rfc8 36. Rea2 Qf7 37. b4 Rb8 38. Rb1 Rf8 39. f3 Nc1 40. Rc2
Rxc2 41. Qxc2 Qa7 42. Kh1 Na2 43. b5 Nc3 44. Rb3 Qb6 45. Ne2 Bg7 46. Qd3 Rd8
47. Nd2 Re8 48. Ng1 Re3 49. Qc2 Re1 50. Nb1 d3 51. Qxd3 0-1

[Event "SR 4. liga A21 2016/2017"]
[Site "?"]
[Date "2016.11.06"]
[Round "3.5"]
[White "Celustkova, Lubica"]
[Black "Kuracina, Lubomir"]
[Result "1-0"]
[WhiteElo "1697"]
[BlackElo "1000"]
[PlyCount "73"]
[EventDate "2016.??.??"]

1. e4 e5 2. Nf3 d6 3. d4 exd4 4. Nxd4 a6 5. Nc3 b5 6. g3 c5 7. Nde2 Be6 8. Bg2
Ra7 9. O-O h6 10. f4 f5 11. Nd5 Nc6 12. b3 Rf7 13. Bb2 Be7 14. Bh3 Qc8 15. a3
fxe4 16. Bxe6 Qb7 17. Bxf7+ Kxf7 18. Ne3 Nf6 19. Bxf6 Bxf6 20. Qd5+ Kf8 21.
Rad1 Nd8 22. Qxd6+ Be7 23. Qd5 Ke8 24. Nf5 Qxd5 25. Rxd5 c4 26. Nxe7 Kxe7 27.
Re5+ Kf6 28. Rxe4 cxb3 29. cxb3 Nb7 30. Rc1 g5 31. Rc6+ Kf5 32. Re5+ Kg4 33.
fxg5 Na5 34. Rxh6 Rxh6 35. gxh6 Nxb3 36. h7 Nd2 37. Re8 1-0

[Event "SR 4. liga A21 2016/2017"]
[Site "?"]
[Date "2016.11.06"]
[Round "3.6"]
[White "Huska, Branislav"]
[Black "Curidlo, Jan"]
[Result "0-1"]
[WhiteElo "1823"]
[BlackElo "1892"]
[PlyCount "54"]
[EventDate "2016.??.??"]

1. e4 c5 2. Nf3 a6 3. d4 cxd4 4. Nxd4 g6 5. c4 Bg7 6. Be2 Nf6 7. Nc3 d6 8. O-O
O-O 9. Be3 Nbd7 10. f4 Nc5 11. Bf3 Qc7 12. b4 Ncd7 13. Nd5 Qd8 14. Rc1 e5 15.
Nb3 Re8 16. c5 dxc5 17. bxc5 exf4 18. Bxf4 Ne5 19. Nb6 Nxf3+ 20. gxf3 Bh3 21.
Nxa8 Qxa8 22. Rf2 Qc8 23. Rd2 Nh5 24. Be3 Be5 25. Qc2 Qc6 26. Nd4 Qf6 27. Ne2
Qxf3 0-1

[Event "SR 4. liga A21 2016/2017"]
[Site "?"]
[Date "2016.11.06"]
[Round "3.6"]
[White "Musaev, Urmat"]
[Black "Tokos, Rastislav"]
[Result "1-0"]
[WhiteElo "1693"]
[BlackElo "1816"]
[PlyCount "147"]
[EventDate "2016.??.??"]

1. e4 c5 2. Nf3 Nc6 3. d4 cxd4 4. Nxd4 d6 5. Nc3 Nf6 6. Bg5 e6 7. Be2 a6 8. O-O
Be7 9. Nxc6 bxc6 10. Bf3 d5 11. e5 Nd7 12. Bxe7 Qxe7 13. Re1 Qg5 14. Qd4 Rb8
15. b3 O-O 16. Na4 Qe7 17. c3 c5 18. Qg4 Bb7 19. Rad1 Rfc8 20. Nb2 Nb6 21. Re3
c4 22. b4 Bc6 23. Be2 a5 24. Rg3 g6 25. a3 axb4 26. axb4 Ra8 27. h4 Ra2 28. Rb1
Nd7 29. f4 f5 30. exf6 Nxf6 31. Qg5 Kf7 32. h5 Rg8 33. Qe5 Ne4 34. hxg6+ hxg6
35. Rh3 Qa7+ 36. Kh2 Rg7 37. Bg4 Bd7 38. Nd1 Rd2 39. b5 Nf6 40. Bf3 Qb6 41. Rh8
Rh7+ 42. Rxh7+ Nxh7 43. Qe3 Qxe3 44. Nxe3 Bc8 45. b6 Rd3 46. Nd1 Bb7 47. Ra1
Bc6 48. Ra7+ Kg8 49. b7 Bxb7 50. Rxb7 Nf6 51. Re7 Ne4 52. Rxe6 Kf7 53. Rb6 d4
54. Bxe4 Rxd1 55. cxd4 Rxd4 56. Bxg6+ Kg7 57. f5 c3 58. Rc6 Rd3 59. Kg1 Rg3 60.
Kf2 Rd3 61. g4 Rh3 62. Kg2 Rd3 63. g5 Rd2+ 64. Kf3 c2 65. Rc7+ Kh8 66. f6 c1=Q
67. Rxc1 Rd8 68. Ke4 Kg8 69. Ke5 Ra8 70. Be4 Ra5+ 71. Bd5+ Kh7 72. Rc7+ Kh8 73.
g6 Rc5 74. Rh7# 1-0

[Event "SR 4. liga A21 2016/2017"]
[Site "?"]
[Date "2016.11.06"]
[Round "3.6"]
[White "Musaev, Matej Elbek"]
[Black "Lauko, Tomas"]
[Result "0-1"]
[WhiteElo "1722"]
[BlackElo "1666"]
[PlyCount "80"]
[EventDate "2016.??.??"]

1. e4 c5 2. Bc4 Nc6 3. Nf3 e6 4. Qe2 g6 5. c3 Bg7 6. d3 a6 7. Bb3 Na5 8. Bc2 d5
9. e5 Ne7 10. d4 b6 11. Nbd2 Nac6 12. O-O Qc7 13. Bd3 c4 14. Bc2 Nf5 15. Re1
Bb7 16. Nf1 O-O-O 17. Qd2 h6 18. b3 g5 19. h3 Nce7 20. g4 Nh4 21. Nxh4 gxh4 22.
Ba3 h5 23. g5 Rdg8 24. f4 f6 25. exf6 Bxf6 26. Rxe6 Rh6 27. Bxe7 Bxd4+ 28. Qxd4
Rxe6 29. Bf5 Qxe7 30. Re1 Rxg5+ 31. fxg5 Qxg5+ 32. Bg4 hxg4 33. Rxe6 gxh3+ 34.
Kf2 Qf5+ 35. Kg1 Qxe6 36. Qxh4 Qg6+ 37. Ng3 Qb1+ 38. Nf1 Kb8 39. bxc4 Qxa2 40.
cxd5 Qg2# 0-1

[Event "SR 4. liga A21 2016/2017"]
[Site "?"]
[Date "2016.11.06"]
[Round "3.6"]
[White "Bendzela, Tibor"]
[Black "Sedlak, Rastislav"]
[Result "1/2-1/2"]
[WhiteElo "1657"]
[BlackElo "1684"]
[PlyCount "156"]
[EventDate "2016.??.??"]

1. e4 e5 2. d4 exd4 3. Qxd4 Nc6 4. Qe3 d6 5. Nc3 Be6 6. Bd2 Nf6 7. f3 Be7 8.
O-O-O Qd7 9. Bb5 a6 10. Bxc6 Qxc6 11. Nge2 O-O-O 12. Qa7 b5 13. b3 Qb7 14. Qf2
h6 15. g4 Nd7 16. Be3 g5 17. Nd5 Bxd5 18. Rxd5 Ne5 19. Ng3 Nc6 20. Kb1 Bf6 21.
Nf5 Ne7 22. Nxe7+ Bxe7 23. Bd4 f6 24. h4 Qc6 25. hxg5 hxg5 26. Rxh8 Rxh8 27.
Rf5 Rh1+ 28. Kb2 Rh6 29. Qd2 Qd7 30. Qc3 b4 31. Qc4 c5 32. Qxa6+ Qb7 33. Qxb7+
Kxb7 34. Be3 Kc6 35. a3 Rh2 36. axb4 cxb4 37. Bd4 Rh6 38. Ra5 Rh3 39. Rf5 Rh6
40. Kc1 Kd7 41. Kd2 Ke6 42. Kd3 Rh2 43. c3 bxc3 44. Kxc3 Rh1 45. b4 Rb1 46. b5
Bd8 47. b6 Bxb6 48. Rxf6+ Ke7 49. Rf5 Bxd4+ 50. Kxd4 Rb3 51. Rxg5 Rxf3 52. Rf5
Rg3 53. g5 Rg4 54. Kd5 Rg2 55. e5 Rd2+ 56. Ke4 Re2+ 57. Kf4 d5 58. g6 Rf2+ 59.
Kg5 Rg2+ 60. Kh6 d4 61. Rf4 d3 62. Rd4 d2 63. Kg7 Ke6 64. Kf8 Kxe5 65. Rd7 Rf2+
66. Kg8 Ke4 67. g7 Ke3 68. Kh7 Rh2+ 69. Kg6 Rg2+ 70. Kf7 Rf2+ 71. Ke6 Rg2 72.
Kf7 Rf2+ 73. Kg6 Ke2 74. Kh7 Rh2+ 75. Kg6 Rg2+ 76. Kh7 Rxg7+ 77. Kxg7 d1=Q 78.
Rxd1 Kxd1 1/2-1/2

[Event "SR 4. liga A21 2016/2017"]
[Site "?"]
[Date "2016.11.21"]
[Round "4.1"]
[White "Brunovsky, Peter"]
[Black "Curidlo, Jan"]
[Result "1-0"]
[WhiteElo "1799"]
[BlackElo "1892"]
[PlyCount "125"]
[EventDate "2016.??.??"]

1. Nf3 d5 2. d4 Nf6 3. Bf4 e6 4. e3 a6 5. a4 Nbd7 6. Nbd2 c5 7. c3 Be7 8. Bd3
O-O 9. O-O Re8 10. h3 h6 11. a5 c4 12. Bb1 Nf8 13. Ne5 Bd6 14. Ng4 Bxf4 15.
exf4 Nxg4 16. hxg4 Qc7 17. g3 b5 18. axb6 Qxb6 19. Qc2 Rb8 20. Ra2 Re7 21. Kg2
f5 22. f3 g6 23. Rh1 Rh7 24. Qd1 Qc7 25. Qe2 Rb6 26. Nf1 Qb8 27. Ne3 Rhb7 28.
Nd1 Kg7 29. Kf1 Kg8 30. Rxh6 Rh7 31. Rxh7 Nxh7 32. gxf5 gxf5 33. Qh2 Rb7 34.
Rxa6 Rxb2 35. Qxb2 Qxb2 36. Nxb2 Bxa6 37. g4 Bc8 38. Na4 fxg4 39. Bxh7+ Kxh7
40. Nb6 Bb7 41. fxg4 Bc6 42. Kf2 Kg6 43. Kg3 Be8 44. Kh4 Bc6 45. Nc8 Ba4 46.
Nd6 Bd7 47. Nb7 Bc6 48. Nc5 Kf6 49. Kh5 Be8+ 50. Kh6 Bc6 51. Kh7 Be8 52. Kg8
Bc6 53. Kf8 Bb5 54. g5+ Kg6 55. Nxe6 Bd7 56. Ke7 Ba4 57. Nc5 Bc2 58. Ke6 Be4
59. Ke5 Bf3 60. Nd7 Bg4 61. Nf6 Bc8 62. Nxd5 Bb7 63. Nb6 1-0

[Event "SR 4. liga A21 2016/2017"]
[Site "?"]
[Date "2016.11.21"]
[Round "4.1"]
[White "Musaev, Urmat"]
[Black "Kocak, Branislav"]
[Result "1/2-1/2"]
[WhiteElo "1693"]
[BlackElo "1889"]
[PlyCount "57"]
[EventDate "2016.??.??"]

1. e4 c5 2. Nf3 d6 3. d4 cxd4 4. Nxd4 Nf6 5. Nc3 a6 6. Be2 e5 7. Nf5 Bxf5 8.
exf5 h5 9. Bg5 Nbd7 10. O-O Be7 11. Bf3 Qc7 12. Re1 Rc8 13. Qd2 b5 14. a3 Qa5
15. Rad1 Qb6 16. Be3 Qb8 17. Nd5 Nxd5 18. Bxd5 Qc7 19. c3 Nb6 20. f4 Bf6 21.
fxe5 dxe5 22. Qf2 Nxd5 23. Rxd5 O-O 24. Qe2 h4 25. Bf2 Rfd8 26. Rc5 Qe7 27.
Rxc8 Rxc8 28. Rd1 Rd8 29. h3 1/2-1/2

[Event "SR 4. liga A21 2016/2017"]
[Site "?"]
[Date "2016.11.21"]
[Round "4.1"]
[White "Hrubsa, Marian"]
[Black "Nedorost, Lubomir"]
[Result "1-0"]
[WhiteElo "1836"]
[BlackElo "1660"]
[PlyCount "47"]
[EventDate "2016.??.??"]

1. e4 c5 2. Nf3 d6 3. d4 cxd4 4. Nxd4 Nf6 5. Nc3 g6 6. Be2 Bg7 7. Be3 Nc6 8.
O-O O-O 9. Nxc6 bxc6 10. f4 Bb7 11. Qd2 Qc7 12. f5 a5 13. Bh6 c5 14. Bf3 e6 15.
Bxg7 Kxg7 16. Nb5 Qb6 17. Nxd6 exf5 18. e5 Ne4 19. Bxe4 fxe4 20. Qg5 Qc7 21.
Nf5+ Kg8 22. Ne7+ Kg7 23. Qf6+ Kh6 24. Nf5+ 1-0

[Event "SR 4. liga A21 2016/2017"]
[Site "?"]
[Date "2016.11.21"]
[Round "4.1"]
[White "Stolar, Michal"]
[Black "Jozefovic, Milan"]
[Result "1-0"]
[WhiteElo "1566"]
[BlackElo "1844"]
[PlyCount "93"]
[EventDate "2016.??.??"]
[TimeControl "240+2"]

{126MB, Fritz 14.ctg, TOSHIBA Satellite} 1. e4 e5 2. Bc4 Nf6 3. d3 d6 4. Nc3 c6
5. a4 Be7 6. h3 Nbd7 7. Be3 Nb6 8. Bb3 a5 9. Nf3 c5 10. O-O Bd7 11. Nh2 O-O 12.
f4 Rc8 13. fxe5 dxe5 14. Qe2 Qc7 15. Qf2 Bd8 16. Rad1 c4 17. dxc4 Nxc4 18. Bc1
Qc6 19. Qe2 Bb6+ 20. Kh1 Be6 21. Nf3 Qc5 22. Ng5 Rfe8 23. Nxe6 Rxe6 24. Nd5
Nxd5 25. Rxd5 Qc7 26. Rfd1 Rce8 27. Rd7 Qc5 28. Rf1 Rf8 29. Rfd1 {0} Rc6 30.
R7d5 Qb4 31. Rb5 Qe7 32. Bxc4 h6 33. Bd5 Rg6 34. Rf1 Kh8 35. b3 Qh4 36. Bxf7
Rg3 37. Be6 Rf2 38. Rxf2 Rxh3+ 39. Bxh3 Bxf2 40. Be3 Be1 41. Rxe5 Bb4 42. Bf2
Qf4 43. Re8+ Kh7 44. g3 Qc1+ 45. Kg2 Qb2 46. Qd3 Qe5 47. Rxe5 1-0

[Event "SR 4. liga A21 2016/2017"]
[Site "?"]
[Date "2016.11.21"]
[Round "4.1"]
[White "Kanka, Tomas"]
[Black "Divinec, Peter"]
[Result "1-0"]
[WhiteElo "1697"]
[BlackElo "1357"]
[PlyCount "79"]
[EventDate "2016.??.??"]

1. e4 e5 2. Nf3 Nc6 3. Bc4 Bc5 4. b4 Bxb4 5. c3 Ba5 6. d4 exd4 7. O-O Nge7 8.
Qb3 O-O 9. cxd4 Bb6 10. Bb2 Na5 11. Qc3 d5 12. Bd3 c6 13. Nbd2 Bg4 14. Bc2 f6
15. Rad1 Rc8 16. h3 Bh5 17. e5 fxe5 18. dxe5 d4 19. Qd3 Bg6 20. Bb3+ Kh8 21.
Qe2 Nxb3 22. Nxb3 c5 23. Nfd2 d3 24. Qg4 h5 25. Qa4 Bf7 26. Nc4 Be8 27. Qa3 Bb5
28. Nd6 Rc6 29. Nxb5 c4 30. Nd2 Bc5 31. Qc3 Nd5 32. Qc1 c3 33. Nxc3 Nxc3 34.
Bxc3 Bd4 35. Ne4 Qh4 36. Qa3 Rxf2 37. Nxf2 Bxc3 38. Rxd3 Bxe5 39. Qf8+ Kh7 40.
Qf5+ 1-0

[Event "SR 4. liga A21 2016/2017"]
[Site "?"]
[Date "2016.11.20"]
[Round "4.2"]
[White "Slaby, Jozef"]
[Black "Palka, Miroslav"]
[Result "0-1"]
[WhiteElo "1749"]
[BlackElo "1930"]
[PlyCount "146"]
[EventDate "2016.??.??"]

1. Nf3 Nf6 2. c4 g6 3. Nc3 Bg7 4. g3 O-O 5. Bg2 d5 6. cxd5 Nxd5 7. O-O Nxc3 8.
bxc3 c5 9. Qc2 Nc6 10. Ne1 Bf5 11. e4 Be6 12. Rb1 b6 13. f4 Rc8 14. d3 Bd7 15.
Be3 e5 16. f5 g5 17. Nf3 f6 18. h4 h6 19. hxg5 hxg5 20. Qb3+ Rf7 21. Kf2 Na5
22. Qc2 Be8 23. Rh1 Rd7 24. Bf1 Bf7 25. Be2 Qe7 26. c4 Nc6 27. a3 Kf8 28. Nh2
Qd6 29. Nf3 Ke7 30. Rh7 Rg8 31. Qa4 Kf8 32. Rhh1 Rh8 33. Rxh8+ Bxh8 34. Qa6 Qc7
35. Rh1 Kg8 36. Qa4 Be8 37. Qa6 Qb7 38. Qxb7 Rxb7 39. Rb1 Rd7 40. Rh1 Rh7 41.
Rxh7 Kxh7 42. g4 Bg7 43. Bc1 Nd4 44. Nxd4 cxd4 45. Ke1 Bf8 46. Kd2 Kg7 47. Kc2
Ba4+ 48. Kd2 Kf7 49. Bd1 Bc6 50. Bb3 Ke8 51. Kc2 Kd7 52. a4 Bb4 53. Bb2 Kc7 54.
Bc1 Kb7 55. a5 bxa5 56. Kb2 a4 57. Bd1 Kb6 58. Ka2 Ka5 59. Bc2 Kb6 60. Bd1 Kc5
61. Bc2 a5 62. Bd1 a3 63. Bc2 Bxe4 64. dxe4 Kxc4 65. Bxa3 Bxa3 66. Kxa3 Kc3 67.
Ba4 d3 68. Ka2 Kd4 69. Kb2 Kxe4 70. Kc3 Ke3 71. Bd1 e4 72. Kc4 Kd2 73. Bb3 e3
0-1

[Event "SR 4. liga A21 2016/2017"]
[Site "?"]
[Date "2016.11.20"]
[Round "4.2"]
[White "Havlicek, Peter"]
[Black "Slaba, Andrea"]
[Result "0-1"]
[WhiteElo "1742"]
[BlackElo "1755"]
[PlyCount "86"]
[EventDate "2016.??.??"]

1. e4 e6 2. d4 d5 3. exd5 exd5 4. Nc3 Nc6 5. Nf3 Be6 6. Bd3 Qd7 7. O-O O-O-O 8.
Bf4 Bd6 9. Bxd6 Qxd6 10. a3 Nge7 11. b4 f6 12. b5 Na5 13. Qd2 b6 14. Rfe1 Bg4
15. Be2 h5 16. h3 Bd7 17. Nh2 g5 18. Bd3 Rde8 19. Re2 g4 20. h4 g3 21. Nf3 Rhg8
22. Re3 gxf2+ 23. Qxf2 Rg7 24. Rae1 Bh3 25. Bf1 Reg8 26. Rxe7 Rxe7 27. Rxe7
Qxe7 28. Nxd5 Qd6 29. Ne3 Bg4 30. d5 Qxa3 31. Nd4 Qe7 32. Nxg4 Rxg4 33. Qf5+
Qd7 34. Ne6 Rg8 35. Qxh5 Nb7 36. c4 Nc5 37. Nd4 Qg4 38. Qf5+ Kb7 39. Qxf6 Rg6
40. Qf2 Rh6 41. Nc6 Qxh4 42. Qf8 Rh8 43. Qf6 Ne4 0-1

[Event "SR 4. liga A21 2016/2017"]
[Site "?"]
[Date "2016.11.20"]
[Round "4.2"]
[White "Vagovic, Milan"]
[Black "Lauko, Tomas"]
[Result "0-1"]
[WhiteElo "1667"]
[BlackElo "1666"]
[PlyCount "136"]
[EventDate "2016.??.??"]

1. d4 d5 2. c4 e6 3. Nc3 Nf6 4. Nf3 b6 5. Bf4 Bb4 6. a3 Bxc3+ 7. bxc3 Ne4 8.
Qc2 O-O 9. e3 c5 10. Bd3 f5 11. h3 Nc6 12. O-O Na5 13. Ne5 Bb7 14. f3 Nd6 15.
cxd5 Bxd5 16. a4 Bb3 17. Qe2 c4 18. Bc2 Rc8 19. e4 Qh4 20. Be3 Qh5 21. exf5
Nxf5 22. Bxf5 exf5 23. Qd2 Rcd8 24. Bg5 Rd5 25. Qf4 h6 26. Be7 Re8 27. Bb4 Kh7
28. Rf2 Nb7 29. g4 Qg5 30. Qh2 f4 31. h4 Qf6 32. h5 a5 33. Ba3 Bxa4 34. Bc1 Bb3
35. Bxf4 a4 36. Ng6 Nd6 37. Re2 Rxe2 38. Qxe2 Qf7 39. Be5 Nb5 40. Qe3 a3 41.
Kg2 a2 42. Nf4 Rd7 43. Qe4+ Kg8 44. d5 Re7 45. Ng6 Re8 46. d6 Nxd6 47. Qc6 Nc8
48. f4 Ne7 49. Nxe7+ Qxe7 50. Qxb6 Qd7 51. Kf3 Qd3+ 52. Qe3 Rd8 53. Bd4 Kf7 54.
Re1 Qxe3+ 55. Kxe3 Bc2 56. Ra1 Bb1 57. Kd2 Rb8 58. Kc1 Rb5 59. Be5 g5 60. hxg6+
Kxg6 61. Bd4 h5 62. gxh5+ Kxh5 63. Be5 Kg4 64. Bd6 Kf5 65. Be5 Ke4 66. Bd6 Rb3
67. Be5 Kd3 68. f5 Bc2 0-1